<?xml version="1.0" encoding="UTF-8"?>
<record
    xmlns:xsi="http://www.w3.org/2001/XMLSchema-instance"
    xsi:schemaLocation="http://www.loc.gov/MARC21/slim http://www.loc.gov/standards/marcxml/schema/MARC21slim.xsd"
    xmlns="http://www.loc.gov/MARC21/slim">

  <leader>01493nam0a22003611  4500</leader>
  <controlfield tag="001">RU\NLR\Evr\7639</controlfield>
  <controlfield tag="005">20251202160538.0</controlfield>
  <datafield tag="035" ind1=" " ind2=" ">
    <subfield code="a">(NLR Aleph) 011424014</subfield>
  </datafield>
  <datafield tag="090" ind1=" " ind2=" ">
    <subfield code="a">11619206</subfield>
    <subfield code="c">11619206</subfield>
  </datafield>
  <datafield tag="100" ind1=" " ind2=" ">
    <subfield code="a">20141020d1932    u  y0rusy50      ca</subfield>
  </datafield>
  <datafield tag="101" ind1="0" ind2=" ">
    <subfield code="a">yid</subfield>
  </datafield>
  <datafield tag="102" ind1=" " ind2=" ">
    <subfield code="a">RU</subfield>
  </datafield>
  <datafield tag="105" ind1=" " ind2=" ">
    <subfield code="a">y |||||||||</subfield>
  </datafield>
  <datafield tag="200" ind1="1" ind2=" ">
    <subfield code="6">a01</subfield>
    <subfield code="7">ba</subfield>
    <subfield code="a">Valdheym</subfield>
    <subfield code="f">Al. Segalovitsh</subfield>
  </datafield>
  <datafield tag="210" ind1=" " ind2=" ">
    <subfield code="6">a01</subfield>
    <subfield code="a">Birebidzshan</subfield>
    <subfield code="c">Gezerd-forshteyershaft bam Birebidzshaner oysfirkom</subfield>
    <subfield code="d">1932</subfield>
    <subfield code="7">ba</subfield>
  </datafield>
  <datafield tag="210" ind1=" " ind2=" ">
    <subfield code="6">a01</subfield>
    <subfield code="9">z02</subfield>
    <subfield code="a">&#x5D1;&#x5D9;&#x5E8;&#x5E2;&#x5D1;&#x5D9;&#x5D3;&#x5D6;&#x5E9;&#x5D0;&#x5DF;</subfield>
    <subfield code="c">&#x5D2;&#x5E2;&#x5D6;&#x5E2;&#x5E8;&#x5D3;-&#x5E4;&#x5D0;&#x5B8;&#x5E8;&#x5E9;&#x5D8;&#x5D9;&#x5D9;&#x5E2;&#x5E8;&#x5E9;&#x5D0;&#x5E4;&#x5D8; &#x5D1;&#x5D0;&#x5DD; &#x5D1;&#x5D9;&#x5E8;&#x5E2;&#x5D1;&#x5D9;&#x5D3;&#x5D6;&#x5E9;&#x5D0;&#x5E0;&#x5E2;&#x5E8; &#x5E8;&#x5D9;&#x5D9;&#x5D5;&#x5D9;&#x5E1;&#x5E4;&#x5D9;&#x5E8;&#x5E7;&#x5D0;&#x5B8;&#x5DD;</subfield>
    <subfield code="d">1932</subfield>
  </datafield>
  <datafield tag="210" ind1=" " ind2=" ">
    <subfield code="9">z02</subfield>
    <subfield code="a">&#x411;&#x438;&#x440;&#x43E;&#x431;&#x438;&#x434;&#x436;&#x430;&#x43D;</subfield>
    <subfield code="c">&#x41F;&#x440;&#x435;&#x434;&#x441;&#x442;&#x430;&#x432;&#x438;&#x442;&#x435;&#x43B;&#x44C;&#x441;&#x442;&#x432;&#x43E; &#x41E;&#x417;&#x415;&#x422;&#x430; &#x43F;&#x440;&#x438; &#x411;&#x438;&#x440;&#x43E;&#x431;&#x438;&#x434;&#x436;&#x430;&#x43D;&#x441;&#x43A;&#x43E;&#x43C; &#x438;&#x441;&#x43F;&#x43E;&#x43B;&#x43A;&#x43E;&#x43C;&#x435;</subfield>
    <subfield code="d">1932</subfield>
    <subfield code="7">ca</subfield>
  </datafield>
  <datafield tag="215" ind1=" " ind2=" ">
    <subfield code="a">24 &#x441;.</subfield>
    <subfield code="d">20 &#x441;&#x43C;.</subfield>
  </datafield>
  <datafield tag="225" ind1="1" ind2=" ">
    <subfield code="6">a01</subfield>
    <subfield code="7">ba</subfield>
    <subfield code="a">Birebidzshaner aynvanderung-erter</subfield>
  </datafield>
  <datafield tag="225" ind1="1" ind2=" ">
    <subfield code="6">a01</subfield>
    <subfield code="9">z02</subfield>
    <subfield code="a">&#x5D1;&#x5D9;&#x5E8;&#x5E2;&#x5D1;&#x5D9;&#x5D3;&#x5D6;&#x5E9;&#x5D0;&#x5E0;&#x5E2;&#x5E8; &#x5D0;&#x5D9;&#x5D9;&#x5E0;&#x5D5;&#x5D5;&#x5D0;&#x5E0;&#x5D3;&#x5E2;&#x5E8;&#x5D5;&#x5E0;&#x5D2;-&#x5E2;&#x5E8;&#x5D8;&#x5E2;&#x5E8;</subfield>
  </datafield>
  <datafield tag="225" ind1="1" ind2=" ">
    <subfield code="7">ca</subfield>
    <subfield code="9">z02</subfield>
    <subfield code="a">&#x411;&#x438;&#x440;&#x43E;&#x431;&#x438;&#x434;&#x436;&#x430;&#x43D;&#x441;&#x43A;&#x438;&#x435; &#x43F;&#x435;&#x440;&#x435;&#x441;&#x435;&#x43B;&#x435;&#x43D;&#x447;&#x435;&#x441;&#x43A;&#x438;&#x435; &#x43C;&#x435;&#x441;&#x442;&#x430;</subfield>
  </datafield>
  <datafield tag="510" ind1="1" ind2=" ">
    <subfield code="6">a01</subfield>
    <subfield code="a">&#x5D5;&#x5D5;&#x5D0;&#x5DC;&#x5D3;&#x5D4;&#x5D9;&#x5D9;&#x5DD;</subfield>
    <subfield code="f">&#x5D0;&#x5DC;. &#x5E1;&#x5E2;&#x5D2;&#x5D0;&#x5DC;&#x5D0;&#x5B8;&#x5D5;&#x5D5;&#x5D9;&#x5D8;&#x5E9;</subfield>
  </datafield>
  <datafield tag="541" ind1="1" ind2=" ">
    <subfield code="a">&#x412;&#x430;&#x43B;&#x434;&#x433;&#x435;&#x439;&#x43C;</subfield>
    <subfield code="z">rus</subfield>
  </datafield>
  <datafield tag="700" ind1=" " ind2="1">
    <subfield code="a">&#x421;&#x435;&#x433;&#x430;&#x43B;&#x43E;&#x432;&#x438;&#x447;</subfield>
    <subfield code="b">&#x410;&#x43B;.</subfield>
    <subfield code="3">RU\NLR\AUTH\7957715</subfield>
    <subfield code="4">070</subfield>
    <subfield code="7">ca</subfield>
  </datafield>
  <datafield tag="801" ind1=" " ind2="0">
    <subfield code="a">RU</subfield>
    <subfield code="b">NLR</subfield>
    <subfield code="c">20141020</subfield>
    <subfield code="g">psbo</subfield>
  </datafield>
  <datafield tag="801" ind1=" " ind2="0">
    <subfield code="a">RU</subfield>
    <subfield code="b">NLR</subfield>
    <subfield code="g">PSBO</subfield>
  </datafield>
  <datafield tag="801" ind1=" " ind2="1">
    <subfield code="a">RU</subfield>
    <subfield code="b">NLR</subfield>
    <subfield code="c">20141020</subfield>
    <subfield code="2">rusmarc</subfield>
  </datafield>
  <datafield tag="801" ind1=" " ind2="2">
    <subfield code="a">RU</subfield>
    <subfield code="b">NLR</subfield>
    <subfield code="c">20141020</subfield>
    <subfield code="2">rusmarc</subfield>
  </datafield>
  <datafield tag="852" ind1=" " ind2=" ">
    <subfield code="a">NLR</subfield>
    <subfield code="b">&#x41E;&#x41B;&#x421;&#x410;&#x410;/&#x438;&#x434;&#x438;&#x448;</subfield>
    <subfield code="j">&#x41A;-4862</subfield>
  </datafield>
  <datafield tag="942" ind1=" " ind2=" ">
    <subfield code="c">BOOK</subfield>
  </datafield>
  <datafield tag="980" ind1=" " ind2=" ">
    <subfield code="a">NB</subfield>
  </datafield>
  <datafield tag="980" ind1="1" ind2=" ">
    <subfield code="a">IDISH</subfield>
  </datafield>
</record>
